[Event "Deutsche Ländermeisterschaft 2025"]
[Site "Oer-Erkenschwick GER"]
[Date "2025.10.03"]
[Round "4"]
[White "Belin, Anton"]
[Black "Sieber, Bert"]
[Result "1-0"]
[Termination "normal"]
[Board "4.2"]
[WhiteElo "2124"]
[BlackElo "2177"]
[WhiteClock "00:51:37"]
[BlackClock "00:07:32"]
[WhiteTeam "Sachsen-Anhalt"]
[BlackTeam "Niedersachsen"]
[PlyCount "103"]
[WhiteFideId "34610952"]
[BlackFideId "16265971"]
[EventCountry "GER"]
[EventRounds "7"]
[EventType "team-swiss"]
[EventDate "2025.09.30"]

1. e4 {[%clk 01:30:56]} {[%emt 00:00:03]} c5 {[%clk 01:30:47]} {[%emt
00:00:04]} 2. Nf3 {[%clk 01:31:20]} {[%emt 00:00:16]} e6 {[%clk 01:31:14]}
{[%emt 00:00:02]} 3. d4 {[%clk 01:31:36]} {[%emt 00:00:13]} cxd4 {[%clk
01:31:40]} {[%emt 00:00:05]} 4. Nxd4 {[%clk 01:31:56]} {[%emt 00:00:10]} a6
{[%clk 01:32:02]} {[%emt 00:00:08]} 5. Bd3 {[%clk 01:32:06]} {[%emt 00:00:20]}
Bc5 {[%clk 01:32:26]} {[%emt 00:00:06]} 6. Nb3 {[%clk 01:32:17]} {[%emt
00:00:19]} Ba7 {[%clk 01:32:45]} {[%emt 00:00:09]} 7. Qe2 {[%clk 01:32:13]}
{[%emt 00:00:35]} Ne7 {[%clk 01:33:09]} {[%emt 00:00:06]} 8. Be3 {[%clk
01:29:50]} {[%emt 00:02:53]} Nbc6 {[%clk 01:33:33]} {[%emt 00:00:06]} 9. Nc3
{[%clk 01:29:58]} {[%emt 00:00:22]} b5 {[%clk 01:32:47]} {[%emt 00:01:16]} 10.
Bxa7 {[%clk 01:29:19]} {[%emt 00:01:09]} Rxa7 {[%clk 01:32:59]} {[%emt
00:00:19]} 11. a4 {[%clk 01:28:21]} {[%emt 00:01:28]} b4 {[%clk 01:31:21]}
{[%emt 00:02:08]} 12. Nd5 {[%clk 01:27:51]} {[%emt 00:01:00]} O-O {[%clk
01:26:07]} {[%emt 00:05:43]} 13. Nxe7+ {[%clk 01:28:04]} {[%emt 00:00:17]} Qxe7
{[%clk 01:25:28]} {[%emt 00:01:10]} 14. Qe3 {[%clk 01:21:50]} {[%emt 00:06:44]}
d6 {[%clk 01:10:19]} {[%emt 00:15:39]} 15. f4 {[%clk 01:17:58]} {[%emt
00:04:22]} Rc7 {[%clk 01:03:05]} {[%emt 00:07:44]} 16. O-O {[%clk 01:14:23]}
{[%emt 00:04:05]} Bb7 {[%clk 00:58:44]} {[%emt 00:04:51]} 17. e5 {[%clk
01:11:22]} {[%emt 00:03:32]} dxe5 {[%clk 00:49:07]} {[%emt 00:10:07]} 18. fxe5
{[%clk 01:10:54]} {[%emt 00:00:58]} f6 {[%clk 00:49:08]} {[%emt 00:00:28]} 19.
exf6 {[%clk 01:07:32]} {[%emt 00:03:52]} gxf6 {[%clk 00:48:31]} {[%emt
00:01:08]} 20. Nc5 {[%clk 00:48:04]} {[%emt 00:19:58]} Ne5 {[%clk 00:33:07]}
{[%emt 00:15:53]} 21. Nxb7 {[%clk 00:44:09]} {[%emt 00:04:25]} Nxd3 {[%clk
00:28:35]} {[%emt 00:05:03]} 22. Qxd3 {[%clk 00:43:46]} {[%emt 00:00:52]} Rxb7
{[%clk 00:28:59]} {[%emt 00:00:06]} 23. Qxa6 {[%clk 00:43:19]} {[%emt
00:00:58]} Qc5+ {[%clk 00:26:52]} {[%emt 00:02:37]} 24. Kh1 {[%clk 00:41:27]}
{[%emt 00:02:21]} Rb6 {[%clk 00:26:34]} {[%emt 00:00:49]} 25. Qe2 {[%clk
00:40:31]} {[%emt 00:01:24]} Rc6 {[%clk 00:23:39]} {[%emt 00:03:27]} 26. Rf2
{[%clk 00:38:00]} {[%emt 00:03:01]} f5 {[%clk 00:20:36]} {[%emt 00:03:32]} 27.
Rf3 {[%clk 00:29:16]} {[%emt 00:09:13]} e5 {[%clk 00:17:27]} {[%emt 00:03:40]}
28. Rxf5 {[%clk 00:26:55]} {[%emt 00:02:51]} Qxc2 {[%clk 00:14:36]} {[%emt
00:03:22]} 29. Rxf8+ {[%clk 00:26:34]} {[%emt 00:00:51]} Kxf8 {[%clk 00:14:58]}
{[%emt 00:00:08]} 30. Qxc2 {[%clk 00:26:47]} {[%emt 00:00:16]} Rxc2 {[%clk
00:15:21]} {[%emt 00:00:07]} 31. a5 {[%clk 00:26:43]} {[%emt 00:00:34]} Rc7
{[%clk 00:14:41]} {[%emt 00:01:10]} 32. a6 {[%clk 00:26:24]} {[%emt 00:00:49]}
Ra7 {[%clk 00:14:55]} {[%emt 00:00:16]} 33. b3 {[%clk 00:25:09]} {[%emt
00:01:46]} Ke7 {[%clk 00:13:47]} {[%emt 00:01:38]} 34. Kg1 {[%clk 00:24:45]}
{[%emt 00:00:53]} Kd6 {[%clk 00:05:05]} {[%emt 00:09:12]} 35. Kf2 {[%clk
00:25:00]} {[%emt 00:00:15]} Kc7 {[%clk 00:05:22]} {[%emt 00:00:14]} 36. Ke3
{[%clk 00:25:14]} {[%emt 00:00:16]} Kb8 {[%clk 00:05:32]} {[%emt 00:00:20]} 37.
Ra4 {[%clk 00:25:15]} {[%emt 00:00:28]} Rc7 {[%clk 00:03:21]} {[%emt 00:02:41]}
38. Rxb4+ {[%clk 00:25:17]} {[%emt 00:00:29]} Ka8 {[%clk 00:03:45]} {[%emt
00:00:06]} 39. Rc4 {[%clk 00:24:06]} {[%emt 00:01:41]} Rg7 {[%clk 00:03:51]}
{[%emt 00:00:25]} 40. g3 {[%clk 00:23:55]} {[%emt 00:00:41]} Ka7 {[%clk
00:03:59]} {[%emt 00:00:22]} 41. Ra4 {[%clk 00:24:12]} {[%emt 00:00:13]} Rd7
{[%clk 00:22:14]} {[%emt 00:12:14]} 42. Ra5 {[%clk 00:53:41]} {[%emt 00:01:00]}
Rd6 {[%clk 00:17:33]} {[%emt 00:05:11]} 43. b4 {[%clk 00:53:16]} {[%emt
00:00:56]} Rh6 {[%clk 00:16:57]} {[%emt 00:01:06]} 44. b5 {[%clk 00:52:54]}
{[%emt 00:00:52]} Rxh2 {[%clk 00:16:19]} {[%emt 00:01:08]} 45. b6+ {[%clk
00:52:46]} {[%emt 00:00:38]} Kxb6 {[%clk 00:16:31]} {[%emt 00:00:19]} 46. a7
{[%clk 00:53:08]} {[%emt 00:00:07]} Kxa5 {[%clk 00:16:56]} {[%emt 00:00:04]}
47. a8=Q+ {[%clk 00:53:29]} {[%emt 00:00:09]} Kb6 {[%clk 00:16:29]} {[%emt
00:00:57]} 48. Qd5 {[%clk 00:52:54]} {[%emt 00:01:04]} Kc7 {[%clk 00:15:04]}
{[%emt 00:01:57]} 49. g4 {[%clk 00:52:32]} {[%emt 00:00:50]} Rh3+ {[%clk
00:08:29]} {[%emt 00:07:05]} 50. Ke4 {[%clk 00:51:24]} {[%emt 00:01:38]} Rh4
{[%clk 00:07:34]} {[%emt 00:01:25]} 51. Qxe5+ {[%clk 00:51:16]} {[%emt
00:00:39]} Kd7 {[%clk 00:07:32]} {[%emt 00:00:33]} 52. Qf5+ {[%clk 00:51:37]}
{[%emt 00:00:09]} 1-0

[Event "Deutsche Ländermeisterschaft 2025"]
[Site "Oer-Erkenschwick GER"]
[Date "2025.10.03"]
[Round "4"]
[White "Mimkes, Antal"]
[Black "Nönnig, Jakob"]
[Result "1-0"]
[Termination "normal"]
[Board "4.3"]
[WhiteElo "2116"]
[BlackElo "2129"]
[WhiteClock "00:02:06"]
[BlackClock "00:00:31"]
[WhiteTeam "Niedersachsen"]
[BlackTeam "Sachsen-Anhalt"]
[PlyCount "81"]
[WhiteFideId "16265963"]
[BlackFideId "16289447"]
[EventCountry "GER"]
[EventRounds "7"]
[EventType "team-swiss"]
[EventDate "2025.09.30"]

1. e4 {[%clk 01:30:53]} {[%emt 00:00:06]} e5 {[%clk 01:30:48]} {[%emt
00:00:12]} 2. Nf3 {[%clk 01:31:16]} {[%emt 00:00:06]} Nc6 {[%clk 01:31:12]}
{[%emt 00:00:06]} 3. Bb5 {[%clk 01:31:42]} {[%emt 00:00:05]} a6 {[%clk
01:31:30]} {[%emt 00:00:12]} 4. Ba4 {[%clk 01:32:05]} {[%emt 00:00:07]} Nge7
{[%clk 01:31:51]} {[%emt 00:00:10]} 5. Nc3 {[%clk 01:30:40]} {[%emt 00:01:55]}
d6 {[%clk 01:29:46]} {[%emt 00:02:35]} 6. O-O {[%clk 01:28:20]} {[%emt
00:02:51]} b5 {[%clk 01:19:27]} {[%emt 00:10:49]} 7. Bb3 {[%clk 01:28:37]}
{[%emt 00:00:12]} Na5 {[%clk 01:19:53]} {[%emt 00:00:04]} 8. Ne2 {[%clk
01:14:47]} {[%emt 00:14:19]} Bb7 {[%clk 01:07:04]} {[%emt 00:13:19]} 9. Ng3
{[%clk 01:14:32]} {[%emt 00:00:46]} g6 {[%clk 01:02:35]} {[%emt 00:05:00]} 10.
d4 {[%clk 00:54:02]} {[%emt 00:20:59]} Nxb3 {[%clk 00:58:56]} {[%emt 00:04:08]}
11. axb3 {[%clk 00:52:48]} {[%emt 00:01:45]} Bg7 {[%clk 00:59:16]} {[%emt
00:00:10]} 12. dxe5 {[%clk 00:42:11]} {[%emt 00:11:08]} dxe5 {[%clk 00:59:19]}
{[%emt 00:00:27]} 13. Qe2 {[%clk 00:41:51]} {[%emt 00:00:50]} c5 {[%clk
00:55:36]} {[%emt 00:04:12]} 14. h4 {[%clk 00:37:35]} {[%emt 00:04:47]} O-O
{[%clk 00:44:11]} {[%emt 00:11:55]} 15. h5 {[%clk 00:30:59]} {[%emt 00:07:07]}
Qc7 {[%clk 00:38:07]} {[%emt 00:06:34]} 16. Bd2 {[%clk 00:26:26]} {[%emt
00:05:03]} Nc6 {[%clk 00:26:00]} {[%emt 00:12:37]} 17. Rac1 {[%clk 00:17:20]}
{[%emt 00:09:35]} f5 {[%clk 00:22:12]} {[%emt 00:04:18]} 18. h6 {[%clk
00:16:07]} {[%emt 00:01:43]} Bh8 {[%clk 00:21:36]} {[%emt 00:01:06]} 19. exf5
{[%clk 00:16:13]} {[%emt 00:00:25]} gxf5 {[%clk 00:21:46]} {[%emt 00:00:20]}
20. c3 {[%clk 00:15:51]} {[%emt 00:00:51]} e4 {[%clk 00:18:09]} {[%emt
00:04:07]} 21. Nh4 {[%clk 00:15:34]} {[%emt 00:00:47]} Bc8 {[%clk 00:05:19]}
{[%emt 00:13:18]} 22. Ngxf5 {[%clk 00:12:59]} {[%emt 00:03:06]} Rxf5 {[%clk
00:05:09]} {[%emt 00:00:40]} 23. Qg4+ {[%clk 00:12:53]} {[%emt 00:00:35]} Kf8
{[%clk 00:05:22]} {[%emt 00:00:18]} 24. Nxf5 {[%clk 00:13:18]} {[%emt
00:00:05]} Qe5 {[%clk 00:04:14]} {[%emt 00:01:38]} 25. f3 {[%clk 00:07:14]}
{[%emt 00:06:34]} e3 {[%clk 00:04:22]} {[%emt 00:00:22]} 26. Bxe3 {[%clk
00:07:33]} {[%emt 00:00:11]} Bxf5 {[%clk 00:04:41]} {[%emt 00:00:11]} 27. Qg5
{[%clk 00:07:38]} {[%emt 00:00:26]} Bf6 {[%clk 00:04:14]} {[%emt 00:00:57]} 28.
Qf4 {[%clk 00:07:32]} {[%emt 00:00:36]} Re8 {[%clk 00:03:16]} {[%emt 00:01:28]}
29. Qxe5 {[%clk 00:06:18]} {[%emt 00:01:43]} Rxe5 {[%clk 00:03:39]} {[%emt
00:00:06]} 30. Bf4 {[%clk 00:05:17]} {[%emt 00:01:31]} Re2 {[%clk 00:02:36]}
{[%emt 00:01:34]} 31. Rfd1 {[%clk 00:04:51]} {[%emt 00:00:56]} Na5 {[%clk
00:02:30]} {[%emt 00:00:36]} 32. Rd6 {[%clk 00:04:04]} {[%emt 00:01:17]} Kf7
{[%clk 00:02:10]} {[%emt 00:00:50]} 33. Rxa6 {[%clk 00:03:41]} {[%emt
00:00:52]} Nxb3 {[%clk 00:02:29]} {[%emt 00:00:12]} 34. Rd1 {[%clk 00:03:52]}
{[%emt 00:00:18]} Rxb2 {[%clk 00:02:50]} {[%emt 00:00:08]} 35. Ra7+ {[%clk
00:03:27]} {[%emt 00:00:55]} Kg8 {[%clk 00:00:34]} {[%emt 00:02:46]} 36. Rd6
{[%clk 00:02:51]} {[%emt 00:01:08]} Bh4 {[%clk 00:00:35]} {[%emt 00:00:29]} 37.
Rb6 {[%clk 00:02:10]} {[%emt 00:01:09]} Rb1+ {[%clk 00:00:48]} {[%emt
00:00:17]} 38. Kh2 {[%clk 00:02:29]} {[%emt 00:00:12]} Rd1 {[%clk 00:00:35]}
{[%emt 00:00:43]} 39. Bd6 {[%clk 00:01:29]} {[%emt 00:01:29]} Bd7 {[%clk
00:00:31]} {[%emt 00:00:34]} 40. Rxd7 {[%clk 00:01:47]} {[%emt 00:00:12]} Be7
{[%clk 00:00:31]} {[%emt 00:00:31]} 41. Rxe7 {[%clk 00:02:06]} {[%emt
00:00:11]} 1-0

[Event "Deutsche Ländermeisterschaft 2025"]
[Site "Oer-Erkenschwick GER"]
[Date "2025.10.03"]
[Round "4"]
[White "Polzin, Gustav"]
[Black "Tarasenko, Nazar"]
[Result "0-1"]
[Termination "normal"]
[Board "4.4"]
[WhiteElo "2058"]
[BlackElo "2005"]
[WhiteClock "00:18:51"]
[BlackClock "00:36:06"]
[WhiteTeam "Sachsen-Anhalt"]
[BlackTeam "Niedersachsen"]
[PlyCount "104"]
[WhiteFideId "34603280"]
[BlackFideId "34161430"]
[EventCountry "GER"]
[EventRounds "7"]
[EventType "team-swiss"]
[EventDate "2025.09.30"]

1. e4 {[%clk 01:30:56]} {[%emt 00:00:03]} d6 {[%clk 01:30:41]} {[%emt
00:00:20]} 2. d4 {[%clk 01:31:20]} {[%emt 00:00:06]} Nf6 {[%clk 01:31:07]}
{[%emt 00:00:04]} 3. Nc3 {[%clk 01:31:48]} {[%emt 00:00:01]} Nbd7 {[%clk
01:25:58]} {[%emt 00:05:39]} 4. Nge2 {[%clk 01:29:10]} {[%emt 00:03:08]} e5
{[%clk 01:24:41]} {[%emt 00:01:47]} 5. f3 {[%clk 01:28:48]} {[%emt 00:00:52]}
Be7 {[%clk 01:24:47]} {[%emt 00:00:24]} 6. Be3 {[%clk 01:29:09]} {[%emt
00:00:09]} O-O {[%clk 01:21:47]} {[%emt 00:03:30]} 7. Qd2 {[%clk 01:28:41]}
{[%emt 00:00:57]} c6 {[%clk 01:20:07]} {[%emt 00:02:11]} 8. dxe5 {[%clk
01:21:12]} {[%emt 00:07:59]} dxe5 {[%clk 01:18:54]} {[%emt 00:01:43]} 9. Nc1
{[%clk 01:17:55]} {[%emt 00:03:47]} b5 {[%clk 01:14:36]} {[%emt 00:04:48]} 10.
Be2 {[%clk 01:14:15]} {[%emt 00:04:10]} Nb6 {[%clk 01:09:24]} {[%emt 00:05:42]}
11. Qxd8 {[%clk 01:13:48]} {[%emt 00:00:57]} Rxd8 {[%clk 01:09:37]} {[%emt
00:00:17]} 12. Nb3 {[%clk 01:12:05]} {[%emt 00:02:13]} b4 {[%clk 01:07:45]}
{[%emt 00:02:22]} 13. Nd1 {[%clk 01:11:33]} {[%emt 00:01:02]} Ne8 {[%clk
00:41:58]} {[%emt 00:26:17]} 14. Na5 {[%clk 01:04:58]} {[%emt 00:07:04]} Bd7
{[%clk 00:40:46]} {[%emt 00:01:42]} 15. b3 {[%clk 00:58:34]} {[%emt 00:06:54]}
c5 {[%clk 00:35:35]} {[%emt 00:05:42]} 16. Nb2 {[%clk 00:58:04]} {[%emt
00:00:59]} Rdc8 {[%clk 00:34:50]} {[%emt 00:01:13]} 17. Kf2 {[%clk 00:56:05]}
{[%emt 00:02:32]} f6 {[%clk 00:33:16]} {[%emt 00:02:04]} 18. Rhd1 {[%clk
00:53:59]} {[%emt 00:02:35]} Rc7 {[%clk 00:31:41]} {[%emt 00:02:05]} 19. Rd2
{[%clk 00:52:45]} {[%emt 00:01:44]} Kf8 {[%clk 00:30:44]} {[%emt 00:01:27]} 20.
Rad1 {[%clk 00:52:45]} {[%emt 00:00:30]} Be6 {[%clk 00:29:13]} {[%emt
00:02:01]} 21. g3 {[%clk 00:52:03]} {[%emt 00:01:12]} Rd7 {[%clk 00:28:40]}
{[%emt 00:01:04]} 22. Bb5 {[%clk 00:48:38]} {[%emt 00:03:55]} Rxd2+ {[%clk
00:24:40]} {[%emt 00:04:30]} 23. Rxd2 {[%clk 00:48:58]} {[%emt 00:00:09]} Nd6
{[%clk 00:23:02]} {[%emt 00:02:08]} 24. Ba6 {[%clk 00:42:42]} {[%emt 00:06:46]}
Bc8 {[%clk 00:21:03]} {[%emt 00:02:29]} 25. Bf1 {[%clk 00:39:56]} {[%emt
00:03:16]} Bd7 {[%clk 00:20:19]} {[%emt 00:01:15]} 26. Nbc4 {[%clk 00:30:56]}
{[%emt 00:09:30]} Ndxc4 {[%clk 00:18:12]} {[%emt 00:02:38]} 27. Bxc4 {[%clk
00:31:01]} {[%emt 00:00:25]} Rc8 {[%clk 00:15:36]} {[%emt 00:03:05]} 28. Ba6
{[%clk 00:23:21]} {[%emt 00:08:11]} Rc7 {[%clk 00:15:36]} {[%emt 00:00:29]} 29.
g4 {[%clk 00:21:51]} {[%emt 00:01:59]} g5 {[%clk 00:15:10]} {[%emt 00:00:56]}
30. h4 {[%clk 00:20:29]} {[%emt 00:01:52]} h6 {[%clk 00:15:34]} {[%emt
00:00:06]} 31. hxg5 {[%clk 00:18:02]} {[%emt 00:02:56]} hxg5 {[%clk 00:16:00]}
{[%emt 00:00:04]} 32. Rd3 {[%clk 00:16:44]} {[%emt 00:01:48]} Kf7 {[%clk
00:15:02]} {[%emt 00:01:28]} 33. c3 {[%clk 00:14:37]} {[%emt 00:02:37]} Be6
{[%clk 00:13:43]} {[%emt 00:01:50]} 34. cxb4 {[%clk 00:09:56]} {[%emt
00:05:11]} cxb4 {[%clk 00:14:09]} {[%emt 00:00:04]} 35. Ke2 {[%clk 00:09:17]}
{[%emt 00:01:09]} Bc5 {[%clk 00:09:31]} {[%emt 00:05:08]} 36. Bd2 {[%clk
00:04:27]} {[%emt 00:05:20]} Be7 {[%clk 00:08:02]} {[%emt 00:01:59]} 37. Be3
{[%clk 00:03:42]} {[%emt 00:01:14]} Bc5 {[%clk 00:08:26]} {[%emt 00:00:06]} 38.
Bxc5 {[%clk 00:03:51]} {[%emt 00:00:22]} Rxc5 {[%clk 00:08:50]} {[%emt
00:00:06]} 39. Nb7 {[%clk 00:04:09]} {[%emt 00:00:11]} Rc1 {[%clk 00:07:41]}
{[%emt 00:01:38]} 40. Nd6+ {[%clk 00:02:57]} {[%emt 00:01:43]} Ke7 {[%clk
00:08:04]} {[%emt 00:00:07]} 41. Nb5 {[%clk 00:03:10]} {[%emt 00:00:18]} Bc8
{[%clk 00:07:57]} {[%emt 00:00:36]} 42. Kd2 {[%clk 00:26:39]} {[%emt 00:07:01]}
Rc5 {[%clk 00:37:23]} {[%emt 00:01:02]} 43. Bxc8 {[%clk 00:26:46]} {[%emt
00:00:24]} Nxc8 {[%clk 00:37:46]} {[%emt 00:00:08]} 44. Rd5 {[%clk 00:27:07]}
{[%emt 00:00:09]} Rc6 {[%clk 00:38:09]} {[%emt 00:00:06]} 45. f4 {[%clk
00:25:55]} {[%emt 00:01:44]} gxf4 {[%clk 00:37:49]} {[%emt 00:00:50]} 46. g5
{[%clk 00:26:17]} {[%emt 00:00:08]} a6 {[%clk 00:36:52]} {[%emt 00:01:26]} 47.
gxf6+ {[%clk 00:19:39]} {[%emt 00:07:08]} Kxf6 {[%clk 00:37:13]} {[%emt
00:00:09]} 48. Nd4 {[%clk 00:20:08]} {[%emt 00:00:01]} exd4 {[%clk 00:36:09]}
{[%emt 00:01:35]} 49. Rf5+ {[%clk 00:20:36]} {[%emt 00:00:02]} Ke6 {[%clk
00:35:48]} {[%emt 00:00:51]} 50. Kd3 {[%clk 00:20:55]} {[%emt 00:00:10]} Nd6
{[%clk 00:35:58]} {[%emt 00:00:20]} 51. Rd5 {[%clk 00:18:49]} {[%emt 00:02:35]}
Rc3+ {[%clk 00:36:06]} {[%emt 00:00:22]} 52. Ke2 {[%clk 00:18:51]} {[%emt
00:00:28]} f3+ {[%clk 00:36:06]} {[%emt 00:00:30]} 0-1

[Event "Deutsche Ländermeisterschaft 2025"]
[Site "Oer-Erkenschwick GER"]
[Date "2025.10.03"]
[Round "4"]
[White "Bundan, Edward"]
[Black "Voigt, Anastasia"]
[Result "0-1"]
[Termination "normal"]
[Board "4.5"]
[WhiteElo "1939"]
[BlackElo "1894"]
[WhiteClock "00:21:31"]
[BlackClock "00:04:49"]
[WhiteTeam "Niedersachsen"]
[BlackTeam "Sachsen-Anhalt"]
[PlyCount "88"]
[WhiteFideId "34603042"]
[BlackFideId "16235223"]
[EventCountry "GER"]
[EventRounds "7"]
[EventType "team-swiss"]
[EventDate "2025.09.30"]

1. d4 {[%clk 01:30:58]} {[%emt 00:00:02]} d5 {[%clk 01:30:56]} {[%emt
00:00:04]} 2. c4 {[%clk 01:31:20]} {[%emt 00:00:08]} e6 {[%clk 01:31:23]}
{[%emt 00:00:03]} 3. Nc3 {[%clk 01:31:46]} {[%emt 00:00:05]} Nf6 {[%clk
01:31:48]} {[%emt 00:00:04]} 4. cxd5 {[%clk 01:32:11]} {[%emt 00:00:05]} exd5
{[%clk 01:32:12]} {[%emt 00:00:06]} 5. Bg5 {[%clk 01:32:31]} {[%emt 00:00:10]}
Be7 {[%clk 01:32:32]} {[%emt 00:00:10]} 6. e3 {[%clk 01:32:53]} {[%emt
00:00:08]} c6 {[%clk 01:32:53]} {[%emt 00:00:09]} 7. Bd3 {[%clk 01:33:15]}
{[%emt 00:00:08]} O-O {[%clk 01:33:12]} {[%emt 00:00:08]} 8. Qc2 {[%clk
01:33:41]} {[%emt 00:00:06]} h6 {[%clk 01:33:08]} {[%emt 00:00:34]} 9. Bh4
{[%clk 01:33:46]} {[%emt 00:00:25]} Ne8 {[%clk 01:33:11]} {[%emt 00:00:27]} 10.
Bxe7 {[%clk 01:33:08]} {[%emt 00:01:08]} Qxe7 {[%clk 01:33:35]} {[%emt
00:00:07]} 11. Nge2 {[%clk 01:26:25]} {[%emt 00:07:13]} Nd6 {[%clk 01:32:59]}
{[%emt 00:01:06]} 12. O-O {[%clk 01:25:06]} {[%emt 00:01:49]} a5 {[%clk
01:32:20]} {[%emt 00:01:08]} 13. Na4 {[%clk 01:22:54]} {[%emt 00:02:42]} Na6
{[%clk 01:26:10]} {[%emt 00:06:41]} 14. a3 {[%clk 01:21:24]} {[%emt 00:02:00]}
Qd8 {[%clk 01:19:41]} {[%emt 00:06:57]} 15. Nc5 {[%clk 01:16:13]} {[%emt
00:05:43]} b5 {[%clk 01:10:03]} {[%emt 00:10:08]} 16. Nxa6 {[%clk 01:11:07]}
{[%emt 00:05:36]} Rxa6 {[%clk 01:08:50]} {[%emt 00:01:42]} 17. a4 {[%clk
01:10:56]} {[%emt 00:00:41]} Qb6 {[%clk 00:51:59]} {[%emt 00:17:20]} 18. Qc5
{[%clk 01:08:13]} {[%emt 00:03:14]} Nc4 {[%clk 00:35:59]} {[%emt 00:16:31]} 19.
Bh7+ {[%clk 01:07:13]} {[%emt 00:01:30]} Kxh7 {[%clk 00:36:00]} {[%emt
00:00:29]} 20. Qxf8 {[%clk 01:07:40]} {[%emt 00:00:03]} Be6 {[%clk 00:35:36]}
{[%emt 00:00:54]} 21. Nf4 {[%clk 01:07:23]} {[%emt 00:00:47]} Qb7 {[%clk
00:33:27]} {[%emt 00:02:38]} 22. Nh5 {[%clk 01:04:01]} {[%emt 00:03:53]} f6
{[%clk 00:33:24]} {[%emt 00:00:33]} 23. Nf4 {[%clk 01:03:31]} {[%emt 00:00:59]}
Bf5 {[%clk 00:29:30]} {[%emt 00:04:24]} 24. Qc5 {[%clk 00:54:41]} {[%emt
00:09:20]} Nd2 {[%clk 00:28:06]} {[%emt 00:01:54]} 25. axb5 {[%clk 00:53:35]}
{[%emt 00:01:36]} cxb5 {[%clk 00:27:16]} {[%emt 00:01:20]} 26. Qxd5 {[%clk
00:52:25]} {[%emt 00:01:40]} Qxd5 {[%clk 00:27:18]} {[%emt 00:00:28]} 27. Nxd5
{[%clk 00:52:53]} {[%emt 00:00:02]} Nxf1 {[%clk 00:27:25]} {[%emt 00:00:22]}
28. Kxf1 {[%clk 00:53:09]} {[%emt 00:00:14]} a4 {[%clk 00:23:11]} {[%emt
00:04:44]} 29. Nb4 {[%clk 00:52:39]} {[%emt 00:01:01]} Ra7 {[%clk 00:21:47]}
{[%emt 00:01:52]} 30. f3 {[%clk 00:50:15]} {[%emt 00:02:56]} Rc7 {[%clk
00:21:00]} {[%emt 00:01:16]} 31. e4 {[%clk 00:35:22]} {[%emt 00:15:23]} Rc4
{[%clk 00:18:02]} {[%emt 00:03:27]} 32. Na2 {[%clk 00:32:23]} {[%emt 00:03:29]}
Bd7 {[%clk 00:17:43]} {[%emt 00:00:48]} 33. d5 {[%clk 00:27:30]} {[%emt
00:05:25]} Rc2 {[%clk 00:12:55]} {[%emt 00:05:17]} 34. Nc1 {[%clk 00:24:04]}
{[%emt 00:03:56]} Rxb2 {[%clk 00:11:29]} {[%emt 00:01:56]} 35. Nd3 {[%clk
00:24:34]} Rc2 {[%clk 00:11:20]} {[%emt 00:00:39]} 36. Nb4 {[%clk 00:22:39]}
{[%emt 00:02:26]} Rc3 {[%clk 00:09:43]} {[%emt 00:02:06]} 37. Ke2 {[%clk
00:22:23]} {[%emt 00:00:47]} Rb3 {[%clk 00:09:41]} {[%emt 00:00:32]} 38. Nd3
{[%clk 00:22:33]} {[%emt 00:00:21]} b4 {[%clk 00:07:59]} {[%emt 00:02:11]} 39.
Nc5 {[%clk 00:22:30]} {[%emt 00:00:33]} Bb5+ {[%clk 00:08:10]} {[%emt
00:00:19]} 40. Kd2 {[%clk 00:22:44]} {[%emt 00:00:15]} Rb2+ {[%clk 00:08:21]}
{[%emt 00:00:19]} 41. Kc1 {[%clk 00:22:13]} {[%emt 00:01:01]} Rxg2 {[%clk
00:05:50]} {[%emt 00:03:03]} 42. Rb1 {[%clk 00:21:45]} {[%emt 00:00:57]} b3
{[%clk 00:04:59]} {[%emt 00:01:21]} 43. Rb2 {[%clk 00:21:07]} {[%emt 00:01:09]}
Rg1+ {[%clk 00:05:14]} {[%emt 00:00:15]} 44. Kd2 {[%clk 00:21:31]} {[%emt
00:00:06]} a3 {[%clk 00:04:49]} {[%emt 00:00:55]} 0-1